000 00561nam a2200193Ia 4500
005 20250508160503.0
008 008 250505s9999 xx 000 0 eng d
037 _aTextual
040 _aFEDL
_beng
_cFEDL
041 _aeng
_2eng
084 _a371.3, GRA
_qFEDL
100 _aGrambs Jean Dersden
_9768613
245 0 _aIntergroup education : Methods and materials
260 _aEnglewood Cliffs
_b Prentice-Hall
300 _aviii,199p.
650 _aTeacher - Techniqe
_9756430
942 _cTEXL
_h371.3, GRA
999 _c1364913
_d1364913